| 000 | 00898nam a22002537a 4500 | ||
|---|---|---|---|
| 001 | 2183 | ||
| 005 | 20231108140845.0 | ||
| 020 | _a9780439343893 | ||
| 040 |
_aFISKH _beng _cFISKH _dFISKH |
||
| 050 | _aPZ10 | ||
| 082 | _a813.54 | ||
| 100 | _aBaglio, Ben M. | ||
| 245 |
_aPuppy in a puddle / _cBen M. Baglio's animal ark where animals come first Why did she run away? |
||
| 250 | _aFirst Scholastic printing, January 2002 | ||
| 260 |
_aNew York : _bScholastic, _c1999 |
||
| 300 |
_a129 pages : _c19 cm |
||
| 505 | _aO | ||
| 520 | _aWhen Mandy's dad diagnoses an Old English sheepdog puppy as deaf, Mandy feels sad for it. But it isn't until she finds another sheepdog pup abandoned and in a sorry state, that she and James begin to be suspicious. Could a breeder be to blame? | ||
| 521 |
_a630 _bLexile |
||
| 521 |
_aO _bRaz-Plus |
||
| 650 | _aPet | ||
| 650 | _aDog | ||
| 942 |
_2ddc _cBK _n0 |
||
| 999 |
_c2183 _d2183 |
||